Statistics for All FBS Starting Quarterbacks (2023)

Click here to take the quiz!

General Stats

  • This quiz has been taken 29 times
  • The average score is 26 of 133

Answer Stats

Answer% Correct
Caleb Williams
80%
Michael Penix Jr.
80%
Bo Nix
76%
Drake Maye
76%
J.J. McCarthy
76%
Jalen Milroe
68%
Shedeur Sanders
68%
Ashton Daniels
64%
Carson Beck
64%
Jayden Daniels
64%
JT Daniels
64%
Sam Hartman
64%
Jordan Travis
60%
Quinn Ewers
60%
Emory Jones
56%
Joe Milton
56%
Spencer Rattler
56%
Jalon Jones
52%
Kyle McCord
52%
Taulia Tagovailoa
52%
Drew Allar
48%
Tyler Van Dyke
48%
Austin Smith
44%
Byrum Brown
44%
Donovan Smith
44%
D.J. Uiagalelei
40%
Cade Klubnik
36%
Dillon Gabriel
36%
Riley Leonard
36%
Cade McNamara
32%
Cameron Ward
32%
Graham Mertz
32%
K.J. Jefferson
32%
Haynes King
28%
Jaxson Dart
28%
Brennan Armstrong
24%
Garrett Greene
24%
Grant Wilson
24%
Payton Thorne
24%
Phil Jurkovec
24%
Tanner Mordecai
24%
Taylen Green
24%
Will Rogers
24%
Casey Thompson
20%
CJ Harris
20%
Frank Harris
20%
Jack Plummer
20%
Jason Bean
20%
Jeff Sims
20%
Brady Cook
16%
Bryson Barnes
16%
Chandler Morris
16%
Conner Weigman
16%
Grayson McCall
16%
John Rhys Plumlee
16%
Noah Kim
16%
Austin Reed
12%
Ben Finley
12%
Gunnar Watson
12%
Jaden Rashada
12%
Jayden De Laura
12%
Kedon Slovis
12%
Michael Pratt
12%
TJ Finley
12%
Tyler Shough
12%
Will Howard
12%
AJ Swann
8%
Demarcus Irons Jr.
8%
Devin Leary
8%
E.J. Warner
8%
Gavin Wimsatt
8%
Grayson James
8%
Hudson Card
8%
Kaidon Salter
8%
Luke Altmyer
8%
Mason Garcia
8%
Athan Kaliakmanis
4%
Ben Bryant
4%
Bert Emanuel Jr.
4%
Brayden Schager
4%
Brendon Lewis
4%
Brett Gabbert
4%
Carter Bradley
4%
Connor Bazelak
4%
Davis Brin
4%
DeQuan Finn
4%
Doug Brumfield
4%
Ethan Garbers
4%
Garret Rangel
4%
Garrett Shrader
4%
Gavin Hardison
4%
Grant Wells
4%
Hank Bachmeier
4%
Jalen Mayden
4%
Jiya Wright
4%
Mikey Keene
4%
Preston Stone
4%
Seth Henigan
4%
Taisun Phommachanh
4%
Thomas Castellanos
4%
Alonza Barnett III
0%
Andrew Peasley
0%
Ben Wooldridge
0%
Billy Wiles
0%
Blake Shapen
0%
Braylon Braxton
0%
Brendan Sorsby
0%
Bryson Daily
0%
Cam Fancher
0%
Chevan Cordeiro
0%
Clay Millen
0%
Cole Snyder
0%
Cooper Legas
0%
Darren Grainger
0%
Diego Pavia
0%
Dylan Hopkins
0%
Jack Salopek
0%
Jacob Zeno
0%
Joe Fagnano
0%
JT Shrout
0%
Kadin Semonza
0%
Keegan Shoemaker
0%
Michael Alaimo
0%
Mitch Griffis
0%
Nicholas Vattiato
0%
Rocco Becht
0%
Rocky Lombardi
0%
Ryan Burger
0%
Stone Earle
0%
Tai Lavatai
0%
Tony Muskett
0%
Zac Larrier
0%
Zion Webb
0%

Score Distribution

Percentile by Number Answered

Percent of People with Each Score

Your Score History

You have not taken this quiz